| 000 | 00512cas a2200145 4500 | ||
|---|---|---|---|
| 008 | 110309n eng u | ||
| 020 | _a9781589063044 | ||
| 035 | _a(Sirsi) a172727 | ||
| 050 |
_aWB HB 235.P76: _bPRO 2004 |
||
| 110 | _aInternational Monetary fund | ||
| 245 |
_aProducer Price Index Manual: _bTheory and Practice/ _cInternational Monetary fund |
||
| 260 |
_aWashington DC: _bInternational Monetary fund, _c2004 |
||
| 300 |
_axxx,656p.: _bill. |
||
| 650 | _aWholesale price index---Handbooks,Mannuals | ||
| 999 |
_c116634 _d116634 |
||